Statistics for Count to 10 in Europe: Pro

Click here to take the quiz!

General Stats

  • This quiz has been taken 35,856 times
    (35,768 since last reset)
  • The average score is 33 of 80

Answer Stats

Language # Answer % Correct
French1Un
99%
Italian | Swedish3Tre
96%
Italian | Spanish1Uno
96%
Spanish3Tres
91%
Spanish2Dos
91%
Portuguese3Três
91%
Italian6Sei
74%
Portuguese | Spanish5Cinco
71%
French5Cinq
70%
French3Trois
70%
French2Deux
69%
Spanish8Ocho
67%
German3Drei
64%
French4Quatre
64%
Portuguese4Quatro
63%
Portuguese | Spanish6Seis
62%
Spanish9Nueve
61%
French6Six
60%
French9Neuf
60%
Spanish7Siete
60%
French7Sept
60%
German2Zwei
60%
French10Dix
58%
German1Eins
57%
Spanish4Cuatro
57%
French8Huit
56%
German5Fünf
55%
Dutch | German8Acht
53%
Spanish10Diez
53%
German7Sieben
51%
Dutch | German4Vier
50%
German9Neun
48%
Italian2Due
48%
German6Sechs
47%
German10Zehn
44%
Italian4Quattro
36%
Italian5Cinque
31%
Swedish6Sex
31%
Italian8Otto
28%
Italian | Portuguese9Nove
28%
Italian7Sette
26%
Swedish1En
25%
Italian10Dieci
20%
Dutch1Een
18%
Portuguese7Sete
18%
Dutch3Drie
16%
Dutch2Twee
13%
Swedish7Sju
13%
Swedish5Fem
13%
Portuguese2Dois
13%
Portuguese1Um
13%
Swedish9Nio
11%
Swedish4Fyra
11%
Swedish2Två
11%
Portuguese10Dez
11%
Swedish10Tio
11%
Dutch7Zeven
11%
Dutch10Tien
11%
Polish2Dwa
10%
Swedish8Åtta
10%
Dutch5Vijf
10%
Dutch9Negen
10%
Dutch6Zes
10%
Portuguese8Oito
9%
Polish1Jeden
9%
Polish7Siedem
7%
Polish5Pięć
7%
Polish4Cztery
7%
Polish3Trzy
7%
Polish8Osiem
7%
Polish9Dziewięć
6%
Polish6Sześć
6%
Polish10Dziesięć
6%

Score Distribution

Percentile by Number Answered

Percent of People with Each Score

Your Score History

You have not taken this quiz since the last reset